000
00235nam a2200121Ia 4500
100
_a
Festo
942
_c
BK
654
_a
Logic
245
_a
Programmable Logic Controllers
260
_b
none
_a
NONE
546
_a
ENGLISH
999
_c
32852
_d
32852